Manchester United Squad 2015-2016 - Statistics

General Stats
  • This quiz has been taken 810 times
    743 since last reset
  • The average score is 19 of 32
Answer Stats
Hint Answer % Correct
1- Spain David De Gea
99%
10- England Wayne Rooney
93%
8- Spain Juan Mata
92%
9- France Anthony Martial
91%
5- Argentina Marcos Rojo
90%
4- England Phil Jones
88%
25- Ecuador Antonio Valencia
86%
12- England Chris Smalling
83%
7- Netherlands Memphis Depay
82%
17- Netherlands Daley Blind
81%
39- England Marcus Rashford
73%
21- Spain Ander Herrera
72%
27- Belgium Marouane Fellaini
72%
16- England Michael Carrick
72%
23- England Luke Shaw
69%
18- England Ashley Young
67%
36- Italy Matteo Darmian
66%
31- Germany Bastian Schweinsteiger
61%
35- England Jesse Lingard
59%
20- Argentina Sergio Romero
58%
28- France Morgan Schneiderlin
47%
13- Denmark Anders Lindegaard
38%
30- Uruguay Guillermo Varela
35%
44- Brazil Andreas Pereira
34%
33- Northern Ireland Paddy McNair
34%
19- England James Wilson
26%
38- Democratic Republic of the Congo Axel Tuanzebe
23%
50- England Sam Johnstone
20%
N/A- Spain Victor Valdes
20%
43- England Cameron Borthwick-Jackson
19%
22- England Nick Powell
16%
45- England Sean Goss
5%
No matching quizzes found
Score Distribution
Percent of People with Each Score
Percentile by Number Answered
Your Score History
You have not taken this quiz since the last reset